| 000 | 00716cam a2200229 a 4500 | ||
|---|---|---|---|
| 001 | 000010644 | ||
| 005 | 20250725140219.0 | ||
| 008 | 971029s1996 ag a b 001 0 spa | ||
| 020 | _a8478290079 | ||
| 040 |
_aDO-SdBNP _cDLC |
||
| 082 |
_a523.8 _aA744q |
||
| 100 | 1 |
_aArnau, Arturo _q(Arnau Tarín, Arturo) _d1958- _925769 |
|
| 245 | 1 | 0 |
_aQue hay entre las estrellas? / _cArturo Arnau. |
| 260 |
_aMadrid : _bAddison-Wesley Iberoamericana, _c1996. |
||
| 300 |
_axi, 208 p. : _bil. ; _c24 cm. |
||
| 504 | _aIncluye referencias bibliográficas (p. [195] -198). | ||
| 650 | 4 |
_aEstrellas _925770 |
|
| 650 | 0 |
_a Cosmología _91848 |
|
| 650 | 4 |
_aAstrofísica _925771 |
|
| 910 | _aCatalogación derivada | ||
| 049 | _aBNGR | ||
| 999 |
_c10402 _d10402 |
||